|
|
|
|
| LEADER |
00853nab a2200241 i 4500 |
| 001 |
misc61895 |
| 005 |
20221102113231.0 |
| 008 |
220804s1957 hu o 0|| eng d |
| 040 |
|
|
|a SZTE Miscellanea Repozitórium
|b hun
|
| 041 |
|
|
|a eng
|
| 041 |
|
|
|a per
|
| 100 |
1 |
|
|a Minorsky Vladimir
|
| 245 |
1 |
0 |
|a Mongol place-names in Mukri Kurdistan
|h [elektronikus dokumentum] /
|c Minorsky Vladimir
|
| 260 |
|
|
|c 1957
|
| 300 |
|
|
|a 58-81
|c 25 cm
|
| 300 |
|
|
|a [24]. p.
|c 25 cm
|
| 490 |
0 |
|
|a Bulletin of the School of Oriental Studies;Bulletin of the School of Oriental and African Studies
|
| 561 |
|
|
|a Németh Gyula hagyaték
|
| 591 |
|
|
|a LOA 2449; NOA 3754, XKEK 4794
|
| 650 |
|
4 |
|a Bölcsészettudományok
|
| 650 |
|
4 |
|a Nyelvek és irodalom
|
| 695 |
|
|
|a Helynevek - mongol - Irán
|
| 856 |
4 |
0 |
|u http://misc.bibl.u-szeged.hu/61895/1/3754_noa_m69.pdf
|z Dokumentum-elérés
|